Box Office 2019 par images restreintes - Statistiques

Statistiques générales
  • Ce quiz a été pris 454 fois
  • Le résultat moyen est 10 sur 12
Statistiques - réponses
Par images Réponse % Correct
Joker
99%
La Reine des neiges 2
99%
Le Roi lion
98%
Spider-Man : Far From Home
98%
Avengers: Endgame
96%
Star Wars, épisode IX : L'Ascension de Skywalker
93%
Jumanji : Next Level
89%
Dragons 3 : Le Monde caché
82%
Qu'est-ce qu'on a encore fait au Bon Dieu ?
77%
Toy Story 4
76%
Captain Marvel
73%
Nous finirons ensemble
19%
Aucun quiz correspondant
Distribution des résultats
% des personnes avec chaque résultat
Percentile par nombre de réponses
Votre historique - résultats
Vous n’avez pas pris ce quiz